ბათუმის შოთა რუსთაველის სახელმწიფო უნივერსიტეტის ბიბლიოთეკა

განვითარებისა და სწავლის თეორიები : (ბიბ.ჩანაწერი № 64119)

000 -ლიდერი
ფიქსირებული სიგრძის საკონტროლო ველი 01227nam a22002297a 4500
003 - საკონტროლო ნომრის იდენტიფიკატორი
საკონტროლო ველი Ge_BSU
005 - ბოლო ოპერაციის თარიღი და დრო
საკონტროლო ველი 20260408114117.0
008 - ფიქსირებული სიგრძის მონაცემთა ელემენტები - ზოგადი ინფორმაცია
ფიქსირებული სიგრძის საკონტროლო ველი 260408s2024 ge ||||| |||| 00| 0 geo d
020 ## - წიგნის საერთაშორისო სტანდარტული ნომერი
International Standard Book Number 9789941345753
041 ## - ენის კოდი
Language code of text/sound track or separate title geo
080 ## - უნივერსალური ათობითი კლასიფიკაციის ინდექსი
Universal Decimal Classification number 37.134(042.4)+37.02 ბ-89
100 ## - მთავარი ჩანაწერი - პიროვნების სახელი
Personal name ბოჭორიშვილი, მანანა
9 (RLIN) 7165
245 ## - ცნობა სათაურის შესახებ
Title განვითარებისა და სწავლის თეორიები :
Remainder of title სალექციო კურსი /
Statement of responsibility, etc მანანა ბოჭორიშვილი; რედაქტორი ლია ახალაძე, თამარ შინჯიაშვილი.
264 ## - წარმოების, გამოცემის, დისტრიბუციის და სხვა ცნობები
გამოცემის, წარმოების, დისტრიბუციის... ადგილი თბილისი :
გამოცემის, წარმოების, დისტრიბუციის... სახელწოდება მერიდიანი,
გამოცემის, წარმოების, დისტრიბუციის... თარიღი 2024.
300 ## - ფიზიკური აღწერა
Extent 196 გვ.:
Other physical details ილ. ;
Dimensions 25 სმ.
504 ## - BIBLIOGRAPHY, ETC. NOTE
Bibliography, etc ბიბლიოგრ. გვ. 193-196
653 ## - INDEX TERM--UNCONTROLLED
Uncontrolled term სწავლების მეთოდები
653 ## - INDEX TERM--UNCONTROLLED
Uncontrolled term სწავლების მიდგომები, შეფასება
700 ## - ADDED ENTRY--PERSONAL NAME
Personal name ახალაძე, ლია
Relator term რედაქტორი
9 (RLIN) 27288
700 ## - ADDED ENTRY--PERSONAL NAME
Personal name შინჯიაშვილი, თამარ
Relator term რედაქტორი
9 (RLIN) 27289
942 ## - ADDED ENTRY ELEMENTS (KOHA)
Source of classification or shelving scheme
Koha item type წიგნი
ეგზემპლარები
ჩამოწერის სტატუსი დაკარგული ეგზემპლარის სტატუსი კლასიფიკაციის წყარო ან თაროზე გაწყობის სქემა დაზიანების სტატუსი არ გაიცემა მუდმივი მდებარეობა (დაცვის ადგილი) ამჟამინდელი ადგილსამყოფელი თაროზე განთავსების ადგილი შეძენის თარიღი ღირებულება, შესყიდვის ნორმალური ფასი სრული შენახვის შიფრი შტრიხკოდი ბოლო ოპერაციის თარიღი ეგზემპლარის მიმდევრობითი ნომერი (კეტერი?) Uniform Resource Identifier ფასის ძალაში შესვლის თარიღი ეგზემპლარის სახეობა საჯარო შენიშვნა
          ბათუმის შოთა რუსთაველის სახელმწიფო უნივერსიტეტის მთავარი ბიბლიოთეკა ბათუმის შოთა რუსთაველის სახელმწიფო უნივერსიტეტის მთავარი ბიბლიოთეკა წიგნსაცავი 2026-04-08 10.00 37.134(042.4)+37.02 ბ-89 74256 2026-04-08 74256 ნაჩუქარი 2026-04-08 წიგნი 10 ლ.